عرض عادي
عرض مارك
- Women
مدخل مصطلح موضوعي
001 - رقم الضبط
- حقل الضبط: 45622
003 - معرف رقم الضبط
- حقل الضبط: OSt
005 - تاريخ ووقت أخر عملية
- حقل الضبط: 20140621085230.0
008 - عناصر بيانات ثابتة الطول
- حقل تحكم ثابت الطول: 140621|||a|||||| | ||| d
040 ## - مصدر الفهرسة
- هيئة الفهرسة الأصلية: OSt
- وكالة الكتابة: OSt
150 ## - مدخل-- مصطلح تاريخي
- عنصر مدخل المصطلح الموضوعي او الاسم الجغرافي: Women
- تفريع عام: Diseases
- تفريع شكلي: Handbooks, manuals, etc.
670 ## - بيانات المصدر موجوده
- الاستشهاد بالمصدر: Work cat.: (OSt)0: O'Reilly, Barry, MD. 45621, Pocket essentials of obstetrics and gynaecology /, 2012.
